| 000 | 00466nam a22001577a 4500 | ||
|---|---|---|---|
| 082 |
_a624.18341 _bFAB _cL-19, P-16 |
||
| 100 |
_aOscar, Faber. _943090 |
||
| 245 |
_aReinforced concrete simply explained _cOscar, Faber. |
||
| 250 | _a3rd ed. | ||
| 260 |
_aLondon _bOxford University press _c1944 |
||
| 300 |
_a78 p. _bill. _c22 cm. |
||
| 526 |
_a0 _b0 _c0 _d624_183410000000000_FAB |
||
| 526 |
_a0 _b0 _c0 _d624_183410000000000_FAB |
||
| 650 |
_aMCE _9379 |
||
| 942 |
_2ddc _cBK |
||
| 999 |
_c546892 _d546892 |
||